| 000 | 00880cac a2200241 a 4500 | ||
|---|---|---|---|
| 003 | CO-PeBPM | ||
| 005 | 20250825103455.0 | ||
| 008 | 240613e1998c]||||xx ||||||||||||||spaund|| | ||
| 040 | 0 |
_aCO-PeBPM _bspa _cCO-PeBPM _erda |
|
| 082 | 0 | 4 | _a301.4243 A473n |
| 100 | 1 |
_aÁlvarez Correa G, Miguel _eautor |
|
| 245 | 1 | 0 |
_aNiños y jóvenes de sexo masculino prostituidos _b: una visión desde la perspectiva de sus derechos |
| 250 | _aPrimera edición | ||
| 260 |
_aBogotá: Colombia _bProcuraduria General de la Nación _c1998 |
||
| 300 |
_a254 Páginas _c; 22.5 centímetros |
||
| 500 | _aIncluye índice | ||
| 504 | _aIncluye Bibliografía | ||
| 650 | 1 | 4 |
_aNiños -- Condiciones sociales -- Colombia _2LEMB |
| 650 | 1 | 4 |
_aProstitución infantil -- Colombia _2LEMB |
| 650 | 1 | 4 |
_aViolencia infantil colombiana _2LEMB |
| 700 |
_aRoberto Suarez _eSegundo autor |
||
| 942 |
_2ddc _cBK _n0 |
||
| 999 |
_c61200 _d61200 |
||